000 00477nam a2200145 a 4500
008 120416s1989 ||||||||||||||||| || u
020 _a0434901229
050 _aTA 330 Bir
100 _aBird, J. O
245 1 0 _aEngineering mathematics
260 _aOxford
_bHeinemann Newnes
_c1989
300 _aix, 333p.
350 _a0.00
995 _D0.00
_FCBU-MAIN LIBRARY (Kitwe)
_H1
_I12.95
_ULOST
_ZMain Library Open Access Collection
999 _c41957
_d41957